000 00977nam a2200277Ia 4500
003 OSt
005 20221005111234.0
006 a|||||r|||| 00| 0
007 ta
008 221004b |||||||| |||| 00| 0 mar d
020 _a9789387330993 (hbk)
_cINR 250.00
024 _a41341
037 _bGV794, 21/02/2019, Vani Prakashan
_cTextual
040 _aCRL
_cCRL
_bmar
041 _2mar
_amar
082 _aO155,2N28,DA, 152Q8
100 _aतेंडुलकर, विजय, ले.
245 0 _aदम्भद्वीप
246 _aDambhadvīpa
260 _aनई दिल्ली
_bवाणी प्रकाशन भारत
_c2018
300 _a124पृ0
_ccm.
650 _a मराठी नाटक
650 _aमराठी साहित्य
942 _hO155,2N28,DA, 152Q8
_cTEXL
_2cc
999 _c1021235
_d1021235